=LDR 00000nam 2200000 4500 =001 INLIS000000000047608 =005 20211025020533 =035 ##$$a 0010-011600000000066 =008 211025################g##########0#ind## =082 ##$$a 2x3.541 =100 #$$a Adnan, Patompo =245 1#$$a Membangun rumah di surga /$c Patompo Adnan,Lc. =250 ##$$a Cet. 1 =260 ##$$a Mataram :$b Cahaya Ilahi Press,$c 2006 =300 ##$$a vii,128 Hlm ; $c 14 x 21 cm =850 ##$$aNBPNMAT =084 ##$$a 2x3.541 ADN m =650 #4$$a Rumah-surga =990 ##$$a 0001/BPAP-NTB/2016 =990 ##$$a 20800045 =990 ##$$a 01201803130 =990 ##$$a 20800047 =990 ##$$a 20800048 =990 ##$$a 3201102495 =990 ##$$a 31100316 =990 ##$$a 0001/BPAP-NTB/2016 =990 ##$$a 20800045 =990 ##$$a 01201803130 =990 ##$$a 20800047 =990 ##$$a 20800048